Aspek klinikal telinga

Bibliographic Details
Main Author: Lee, Stephen Teck Soong (Author)
Format: Book
Published: Kuala Lumpur : Dewan Bahasa dan Pustaka , 1990
Subjects:

MARC

LEADER 00000cam a2200000 7i4500
001 0000003506
005 20220627093000.0
008 021118s1990
020 |a 9836216359 
050 0 0 |a RF121   |b .L44 1990 
060 1 0 |a WV 200   |b L477a 1990 
090 0 0 |a WV 200   |b L477a 1990 
100 1 |a Lee, Stephen Teck Soong ,   |e author 
245 1 0 |a Aspek klinikal telinga   |c Stephen Lee Teck Soong 
260 2 |a Kuala Lumpur :   |b Dewan Bahasa dan Pustaka ,   |c 1990 
300 |a ix, 113 p. ;   |c 22 cm. 
504 |a Includes bibliographical references and index 
650 0 |a Ear 
650 0 |a Ear   |x Diseases 
999 |a 1000032705   |b Book   |c OPEN SHELF (30 DAYS)   |e Medical Campus